00840nam a2200229 a 450000100100000000500170001000800410002702000150006804000250008308200130010810000300012124000250015124500830017626000370025930000210029649000210031750000760033870000400041483000280045495201110048299900170059300004226820201002040037.0131121s1991 sp 000 0 spa d a8440622953 aDO-SdBNPbspacBNPHU axxxbxxx1 aEllis, Bret Easton96930510aAmerican Psycholeng10aAmerican psycho /cBret Easton Ellis ; traducción de Mariano Antolín Rato. aBarcelona :bEdiciones B,c1991. a469 p. ;c22 cm.1 aTiempos modernos aIncluye datos biográficos del autor en la solapa de la contracubierta12aAntolín Rato, Marianoetr.946981 0aTiempos modernos927645 001050748MOaGRbGRcCAd2013-11-21iLF1l0oxxx xxxp42268-10r2020-06-25w2020-06-25y1ZNo se presta c41757d41757